| 000 | 01258nam a22002417a 4500 | ||
|---|---|---|---|
| 999 |
_c1090 _d1090 |
||
| 003 | AR-CdUCM | ||
| 008 | 190226b ||||| |||| 00| 0 spa d | ||
| 040 |
_aMUNICIPALIDAD PROVINCIAL DEL CUSCO _cBIBLIOTECA MUNICIPAL DEL CUSCO |
||
| 082 |
_a 985.541 / _bG14 |
||
| 100 |
_aGaldo Gutiérrez, Virgilio _94244 |
||
| 245 |
_aAyacucho: conflictos y pobreza : _bhistoria regional: siglos XVI-XIX / |
||
| 260 |
_aLima : _bTalleres de Servicio Copias Gráficas S.A., _c1992. |
||
| 300 |
_a220 páginas ; _c20 cm. |
||
| 505 | _aContenido: La región y los primeros años de Huamanga -- La economía huamanguina -- La sociedad huamanguina y sus problemas -- La demarcación territorial y algunas referencias demográficas de la región en el siglo XIX -- La economía de Ayacucho durante el siglo XIX -- La sociedad ayacuchana y sus problemas en el siglo XIX -- La vida cultural en Ayacucho durante el siglo XIX... | ||
| 650 |
_aAyacucho- Historia _94245 |
||
| 650 |
_aHuamanga - Condiciones sociales _94246 |
||
| 650 |
_aHuamanga - Condiciones económicas _94247 |
||
| 650 |
_aHistoria - Perú _94248 |
||
| 650 |
_aRegiones andinas _94249 |
||
| 710 |
_aUniversidad Nacional San Cristóbal de Huamanga _94250 |
||
| 942 |
_2ddc _cLIBROS |
||
| 945 |
_alccs _d2019-02-26 |
||